Statistiques concernant Films d'animation Pixar

Cliquez ici pour prendre le quiz!

Statistiques générales

  • Ce quiz a été pris 667 fois
    (115 depuis la dernière actualisation)
  • Le résultat moyen est 17 sur 27

Statistiques - réponses

PersonnagesTitre du film% Correct
Flash McQueen, Sally Carrera, MartinCars
89%
Woody, Buzz l'Éclair, Andy DavisToy Story
89%
Miguel Rivera, Héctor, Ernesto de la CruzCoco
88%
Nemo, Marin, BruceLe Monde de Nemo
88%
WALL-E, EVE, AUTOWALL-E
88%
Rémy, Alfredo Linguini, ColetteRatatouille
84%
M. Patate, Rex, LotsoToy Story 3
84%
Riley Andersen, Joie, Bing BongVice-versa
79%
Dory, Hank, DestinéeLe Monde de Dory
76%
Bob Parr, Elastigirl, SyndromeLes Indestructibles
75%
Jessie, Pile Poil, Papi PépiteToy Story 2
73%
Bo Peep, Fourchette, Gabby GabbyToy Story 4
66%
Evelyn Deavor, Flèche, VioletteLes Indestructibles 2
64%
Mérida, Fergus, ElinorRebelle
62%
Arlo, Spot, ButchLe Voyage d'Arlo
58%
Bob Razowski, Don Carlton, Squishy SquibblesMonstres Academy
58%
Carl Fredricksen, Russell, Charles MuntzLà-haut
56%
Luca Paguro, Alberto Scorfano, GiuliaLuca
53%
Cruz Ramirez, Smokey, Tex DinocoCars 3
52%
Jacques Sullivan, Bouh, Léon BogueMonstres et Cie
48%
Izzy Hawthorne, Sox, Empereur ZurgBuzz l'Éclair
40%
Tilt, Le Borgne, Marcel1001 pattes
37%
Flam Lumen, Flack Delamare, Alizée CumulusÉlémentaire
37%
Zündapp, Finn McMissile, Holley ShiftwellCars 2
36%
Meilin Lee, Miriam, AbbyAlerte rouge
26%
Ian Lightfoot, Barley Lightfoot, Laurel LightfootEn avant
26%
Joe Gardner, 22, Steve Van de LuneSoul
23%

Distribution des résultats

Percentile par nombre de réponses

% des personnes avec chaque résultat

Votre développement - résultats

Vous n’avez pas pris ce quiz depuis la dernière actualisation